000 00650cam a2200229u 4500
999 _c8326
_d8326
001 8326
003 BD-JhCC
005 20180712122447.0
008 830309m19579999ilu 000 0 eng
035 _a(BD-JhCC)8326
040 _aDLC
_cCarP
_dDLC
_dBD-JhCC
041 _aeng
050 0 0 _aQ182
_b.B433
082 _bBEA 1957
100 1 _aBeauchamp, Wilbur L.
_q(Wilbur Lee),
_d1891-1962.
245 0 0 _aScience problems for junior high school 2 /
_c Wilbur L. Beauchamp,
260 _aChicago,
_bScott, Foresman
_c[1957-]
300 _a447 p.:
_c24 cm.
_bill. ;
650 0 _aScience
_vProblems, exercises, etc.
942 _2ddc
_cBK